Maíz en siembra directa /

Guardado en:
Otros Autores: Trucco, Víctor.
Formato: Libro
Idioma:Spanish
Publicado: Rosario : AAPRESID, 2002.
Etiquetas: Agregar Etiqueta
Sin Etiquetas, Sea el primero en etiquetar este registro!
LEADER 00409nam a22001335a 4500
001 EEA.libagro006997
005 20180601103147.0
008 130809s2002####ag#a##########000#0#spa#d
082 0 4 |a 633.15814 
245 0 0 |a Maíz en siembra directa /  |c Víctor Trucco. 
260 |a Rosario :  |b AAPRESID,  |c 2002. 
300 |a 87 p. :  |b il. ;  |c 28 cm. 
700 1 |a Trucco, Víctor. 
859 |a AR-BbBCA  |b BIB. AGRONOMIA  |h 633.15814  |i T865  |p 2002/4368